Language Quiz

Random Language or Italian Quiz

Italian irregular verbs (15 verbs) Quiz Stats

Quiz not verified by Sporcle

Also try: The Only Letter
Challenge
Share
Tweet
Embed
Score 0/90 Timer 10:00
0 Plays Today
Alap ige Ige % Correct
andareva
95.6%
andarevai
93.8%
andarevado
92.5%
daredo
92.5%
andareandiamo
91.9%
farefa
91.3%
farefai
89.4%
staresta
89.4%
andareandate
88.8%
venirevengo
88.8%
dareda
88.1%
staresto
88.1%
starestai
88.1%
andarevanno
87.5%
daredai
87.5%
farefaccio
86.9%
starestiamo
86.9%
starestate
86.3%
farefate
85.6%
farefanno
85.6%
berebevo
85.6%
farefacciamo
85%
daredate
85%
starestanno
85%
venirevieni
84.4%
berebevi
84.4%
saperesa
83.8%
berebeve
83.8%
daredanno
83.1%
darediamo
82.5%
Alap ige Ige % Correct
diredico
82.5%
diredice
82.5%
venireviene
81.9%
sapereso
81.9%
saperesai
81.9%
berebeviamo
81.9%
diredici
81.3%
berebevete
81.3%
venireveniamo
80.6%
berebevono
80.6%
venirevenite
80%
venirevengono
80%
dirediciamo
80%
diredite
78.8%
diredicono
78.8%
uscireesco
78.8%
uscireesci
78.8%
uscireesce
78.8%
uscireuscite
78.8%
uscireescono
78.8%
uscireusciamo
78.1%
potereposso
74.4%
saperesapete
72.5%
poterepuoi
70%
poterepossiamo
69.4%
saperesanno
67.5%
saperesappiamo
66.9%
poterepossono
66.9%
poterepotete
66.3%
teneretengo
63.8%
Alap ige Ige % Correct
rimanererimani
60%
rimanererimane
60%
rimanererimango
58.8%
tenereteniamo
58.1%
rimanererimaniamo
57.5%
rimanererimanete
56.9%
rimanererimangono
56.3%
teneretieni
56.3%
teneretiene
56.3%
teneretenete
56.3%
saliresali
55%
teneretengono
54.4%
saliresale
54.4%
saliresaliamo
54.4%
saliresalite
53.1%
saliresalgo
50.6%
saliresalgono
46.9%
tradurretraduci
43.1%
tradurretraduce
43.1%
tradurretraduciamo
43.1%
tradurretraduco
42.5%
tradurretraducono
41.3%
tradurretraducete
40%
porrepongo
36.3%
porrepongono
35%
porreponi
33.8%
porrepone
33.8%
porreponiamo
33.8%
porreponete
33.1%
poterepuó
13.1%

You're not logged in!

Compare scores with friends on all Sporcle quizzes.
Sign Up with Email
OR
Log In

You Might Also Like...

Show Comments

Extras

Top Quizzes Today


Score Distribution

Your Account Isn't Verified!

In order to create a playlist on Sporcle, you need to verify the email address you used during registration. Go to your Sporcle Settings to finish the process.

Report this User

Report this user for behavior that violates our Community Guidelines.

Details: